Bharatia hongbidhan aru sawatya hakhon (Record no. 564)

MARC details
000 -LEADER
fixed length control field 00552cam a2200193ua 4500
001 - CONTROL NUMBER
control field 635
005 - DATE AND TIME OF LATEST TRANSACTION
control field 20260515113212.0
008 - FIXED-LENGTH DATA ELEMENTS--GENERAL INFORMATION
fixed length control field 110411n ii |||gr||||Z||||||asm
040 ## - CATALOGING SOURCE
Transcribing agency MAIN
082 ## - DEWEY DECIMAL CLASSIFICATION NUMBER
Classification number 352.054
245 1# - TITLE STATEMENT
Title Bharatia hongbidhan aru sawatya hakhon
Statement of responsibility, etc. by Satish Chandra Rajkhowa
250 ## - EDITION STATEMENT
Edition statement 5th.
260 ## - PUBLICATION, DISTRIBUTION, ETC.
Place of publication, distribution, etc. Dibrugarh:
Name of publisher, distributor, etc. Pathyaputhi prostuti homonyoi samiti,984.
300 ## - PHYSICAL DESCRIPTION
Extent 203p:0cm.
653 ## - INDEX TERM--UNCONTROLLED
Uncontrolled term Political science
653 ## - INDEX TERM--UNCONTROLLED
Uncontrolled term Bharatia hongbidhan aru sayatro hakhon
700 ## - ADDED ENTRY--PERSONAL NAME
Personal name Rajkhowa, Satish Chandra.,
Relator term Author.
942 ## - ADDED ENTRY ELEMENTS (KOHA)
Koha item type Books
Holdings
Withdrawn status Lost status Damaged status Not for loan Home library Current library Shelving location Date acquired Total checkouts Full call number Barcode Date last seen Copy number Price effective from Koha item type
        Naharkatiya College Library Naharkatiya College Library General stacks 09/19/2020   352.054 | RAJ 394 09/19/2020 1 09/19/2020 Books